Test wiedzy piłki nożnej - Statystyki

Ogólne statystyki
  • Ten quiz został rozwiązany 62 razy
  • Średni wynik to 9 z 15
Statystyki odpowiedzi
Zagadnienie Odpowiedź % Poprawnych
Kto był gospodarzem euro 2012. Polska/Ukraina
100%
W jakim kraju gra Jonathan David. Kanada
83%
Marzenie Mbappe było w jakim klubie granie. Realu Madryt
83%
Ile Pele zdobył łącznie bramek w całej swojej karierze. 1281
67%
Kto jest aktualnym trenerem Realu Madryt. Carlo Ancelotti
67%
Jakie imię ma Świderski. Karol
67%
Jaki był najdroższy transfer do Arabi Saudyjskiej. Neymara Jr.
67%
W jakim klubie najdużej grał Cristiano Ronaldo. Real Madryt
67%
Kto wygrał mistrzostwa świata w 1934 roku. Włochy
67%
Ile razy Francja wygrała mistrzostwa świata. 2
50%
Ile wart jest reprezentacja Ukrainy. 354,50mln.
50%
Jakie reprezentacje zdobyły pierwsze miejsce na kwalifikacjach do euro 2024. Hiszpania,Francja,Anglia,Turcja,Albania,Belgia,Węgry,Dania,Rumunia,Portugalia
50%
W, którym roku Haaland przeszedł do Borussi Dortmund. 19/20
33%
Ile Messi ma złotych piłek. 8
33%
W, roku Messi zaczął grać w piłkę. 2004
17%
Nie znaleziono quizów pasujących do podanych kryteriów
Rozkład punktacji
Procent ludzi z każdym wynikiem
Percentyl według liczby udzielonych odpowiedzi
Twoja historia wyników
Nie rozwiązałeś tego quizu